000 00253nam a22001097a 4500
003 OSt
008 241226b |||||||| |||| 00| 0 eng d
041 _aeng
100 _aVinayak N Gharpure
_96623
245 _aText Book of Sanitary Egineering
942 _cBK
999 _c18775
_d18775